| 000 | 00632 a2200181 4500 | ||
|---|---|---|---|
| 020 | _a0321174089 | ||
| 040 |
_aDLC _bDLC |
||
| 082 | 0 | 0 | _a004.6/8 |
| 100 | 1 | _aEngst, Adam C. | |
| 245 | 1 | 4 |
_aThe wireless networking starter kit : the practical guide to Wi-Fi networks for Windows and Macintosh _cby Adam Engst and Glenn Fleishman. |
| 260 |
_aBerkeley, CA : _bPeachpit Press, _cc2003. |
||
| 300 |
_axvi, 318 p. : _bill. ; _c24 cm. |
||
| 500 | _a"Covers 802.11a and 802.11b, including Apple's AirPort"--Cover. | ||
| 500 | _aIncludes index. | ||
| 650 | 0 | _aWireless LANs. | |
| 700 | 1 | _aFleishman, Glenn. | |
| 942 |
_cBK _k621.3821 ENG _2ddc |
||
| 999 |
_c8235 _d8235 |
||